Vainqueurs de la Champions Cup - Statistiques

Statistiques générales
  • Ce quiz a été pris 17 fois
  • Le résultat moyen est 9 sur 14
Statistiques - réponses
Titres Clubs Pays % Correct
6 Stade toulousain France
94%
4 Leinster Irlande
88%
3 RC Toulon France
88%
2 Stade rochelais France
82%
3 Saracens Angleterre
76%
1 CA Brive France
71%
2 Munster Irlande
71%
1 Union Bordeaux Bègles France
59%
1 Ulster Irlande
53%
1 Exeter Chiefs Angleterre
47%
2 Wasps Angleterre
47%
1 Northampton Saints Angleterre
41%
1 Bath Rugby Angleterre
35%
2 Leicester Tigers Angleterre
35%
Aucun quiz correspondant
Distribution des résultats
% des personnes avec chaque résultat
Percentile par nombre de réponses
Votre historique - résultats
Vous n’avez pas pris ce quiz